| 000 | 01228cam a2200253 a 4500 | ||
|---|---|---|---|
| 001 | 11887666 | ||
| 005 | 20220326193305.0 | ||
| 008 | 000112s1999 ve a 000 0 spa | ||
| 010 | _a 00274916 | ||
| 020 | _a9802332119 | ||
| 040 |
_aDLC _cDLC |
||
| 082 |
_a708 _bZ54b |
||
| 100 | 1 |
_aZerpa, Carlos, _d1950- _91704 |
|
| 245 | 1 | 0 |
_aBatido pingüino : _bseis historias y una entrevista / _cCarlos Zerpa. |
| 260 |
_aValencia, Venezuela : _bUniversidad de Carabobo, Dirección de Cultura, Galería Universitaria Braulio Salazar, _c1999. |
||
| 300 |
_a89 p. : _bill. ; _c22 cm. |
||
| 500 | _aWritings to accompany an exhibition of paintings by the author held at the Galería Braulio Salazar in Venezuela. | ||
| 505 |
_tHe Aquí _tLicuado _tLas niñas del Coum me obsesionan _tSí... ¡Pero mucha fantasía! _tCómetelo crudo y si esta vivo mejor _tGustos perversos por los muebles _tArte comestible _tEl auto retrato _tZoo/Entrevista |
||
| 650 | 0 |
_aArts, Modern _y20th century. _91546 |
|
| 650 | 0 |
_aArt and society. _9200 |
|
| 700 |
_aZerpa, Carlos, _91705 |
||
| 906 |
_a7 _bcbc _corignew _d3 _encip _f20 _gy-gencatlg |
||
| 999 |
_c359 _d359 |
||